| 000 | 02147cam a22003011i 4500 | ||
|---|---|---|---|
| 003 | SA-RiAUC | ||
| 005 | 20250519095320.0 | ||
| 008 | 241006s1991 su g f100 0 ara c | ||
| 040 |
_aJO-ZaHU _bara _cSA-RiAUC _erda |
||
| 050 | 4 | _bM37 1991 | |
| 050 | 4 | _b.M37 1991 | |
| 082 | 0 | 4 |
_a306.09531 _qSA-RiAUC |
| 090 |
_a306.09531 _b م ر ك |
||
| 110 | 2 |
_aمركز الملك فيصل للبحوث والدراسات الإسلامية (الرياض). _bموسم ثقافي _d( 1406-1407 هجري : _cالرياض) |
|
| 245 | 1 | 0 |
_aمحاضرات الموسم الثقافي لعامي 1406-1407 هـ / _cمركز الملك فيصل للبحوث والدراسات الإسلامية. |
| 250 | _aالطبعة الأولى. | ||
| 264 | 1 |
_aالرياض : _bمركز الملك فيصل للبحوث والدراسات الإسلامية، _c1991 |
|
| 300 |
_a345 صفحة ؛ _c24 سم. |
||
| 336 |
_aنص _btxt _2rdacontent _3كتاب |
||
| 337 |
_aبدون وسيط _bn _2rdamedia |
||
| 338 |
_aمجلد _bnc _2rdacarrier |
||
| 490 | 0 |
_aسلسلة النشاط الثقافي ؛ _v2 |
|
| 520 | _aإن من أهم السبل التي سلكها الكتاب لتحقيق أهدافه الثقافية والفكرية استضافة العلماء والمفكرين من مختلف البلاد الإسلامية لإلقاء المحاضرات وعقد الندوات، وخلال السنوات الست الماضية سعد المركز باستضافة عدد كبير من العلماء والمفكرين البارزين من المملكة العربية السعودية ومن خارجها وقد حرص الكتاب في تخطيطه لنشاطه الثقافي من محاضرات وندوات على أن تتحقق لها جملة من الأمور، منها أن تكون موضوعات المحاضرات والندوات أصيلة وذات صلة وثيقة لواقع الأمة وأن تكون متنوعة. | ||
| 650 | 7 |
_aالثقافة الإسلامية _vمؤتمرات _2aucsh |
|
| 650 | 7 |
_aالإسلام _vمؤتمرات _2aucsh |
|
| 942 |
_2ddc _cBOOK _n0 |
||
| 949 |
_aSA-JeALM _d241006 _umohamedma123 _n1 |
||
| 999 |
_c1027 _d1027 |
||